Just one of the princes / (Record no. 2366)

MARC details
000 -LEADER
fixed length control field 02359cam a2200589 i 4500
005 - DATE AND TIME OF LATEST TRANSACTION
control field 20250616110858.0
020 ## - INTERNATIONAL STANDARD BOOK NUMBER
International Standard Book Number 9781423194323
Qualifying information (paperback)
020 ## - INTERNATIONAL STANDARD BOOK NUMBER
International Standard Book Number 1423194322
Qualifying information (paperback)
020 ## - INTERNATIONAL STANDARD BOOK NUMBER
International Standard Book Number 9781480644243
Qualifying information (paw prints)
020 ## - INTERNATIONAL STANDARD BOOK NUMBER
International Standard Book Number 1480644242
Qualifying information (paw prints)
020 ## - INTERNATIONAL STANDARD BOOK NUMBER
International Standard Book Number 1484430522
020 ## - INTERNATIONAL STANDARD BOOK NUMBER
International Standard Book Number 9781484430521
020 ## - INTERNATIONAL STANDARD BOOK NUMBER
International Standard Book Number 9780606352635
020 ## - INTERNATIONAL STANDARD BOOK NUMBER
International Standard Book Number 0606352635
020 ## - INTERNATIONAL STANDARD BOOK NUMBER
International Standard Book Number 9781532141942 (hbk.)
020 ## - INTERNATIONAL STANDARD BOOK NUMBER
International Standard Book Number 1532141947
040 ## - CATALOGING SOURCE
Original cataloging agency CNSAP
Language of cataloging eng
Transcribing agency CNSAP
Description conventions rda
Modifying agency SINLB
-- OCLCO
-- WL8
-- OCLCO
-- JAO
-- OCLCF
-- YDXCP
-- BTCTA
-- BDX
-- OI6
-- IGA
-- CNUXB
-- ALRCP
-- SFR
-- BYV
-- CHILD
-- O2C
-- EHH
-- ALV
-- OCLCO
-- W8A
-- DLC
-- DLC
050 00 - LIBRARY OF CONGRESS CALL NUMBER
Classification number PZ7.B1393
Item number Ju 2019
082 04 - DEWEY DECIMAL CLASSIFICATION NUMBER
Classification number 428.6
Edition number 23
100 1# - MAIN ENTRY--PERSONAL NAME
Personal name Baer, Jill
Relator term author
245 10 - TITLE STATEMENT
Title Just one of the princes /
Statement of responsibility, etc. based on the television episode written by Craig Gerber ; adapted by Jill Baer ; illustrated by Character Building Studio and the Disney Storybook Art Team.
250 ## - EDITION STATEMENT
Edition statement First edition
260 ## - PUBLICATION, DISTRIBUTION, ETC.
Place of publication, distribution, etc. Glendale :
Name of publisher, distributor, etc. Disney Enterprises,
Date of publication, distribution, etc. 2014
300 ## - PHYSICAL DESCRIPTION
Extent 32 pages :
Other physical details color illustrations
Dimensions 23 cm
490 1# - SERIES STATEMENT
Series statement World of reading. Level 1
500 ## - GENERAL NOTE
General note At head of title: Disney Sofia the First.
500 ## - GENERAL NOTE
General note "Disney Junior"--Cover.
505 ## - FORMATTED CONTENTS NOTE
Formatted contents note F
520 ## - SUMMARY, ETC.
Summary, etc. After being told that joining the Royal Prep's Flying Derby team is not a "princess thing," Sofia is encouraged by her mother to prove her critics wrong and try out for the team.
521 2# - TARGET AUDIENCE NOTE
Target audience note 430
Source Lexile
521 2# - TARGET AUDIENCE NOTE
Target audience note F
Source Raz-Plus
650 #0 - SUBJECT ADDED ENTRY--TOPICAL TERM
Topical term or geographic name entry element Princesses
Form subdivision Juvenile fiction.
650 #0 - SUBJECT ADDED ENTRY--TOPICAL TERM
Topical term or geographic name entry element Sex role
Form subdivision Juvenile fiction.
650 #1 - SUBJECT ADDED ENTRY--TOPICAL TERM
Topical term or geographic name entry element Princesses
Form subdivision Fiction.
650 #1 - SUBJECT ADDED ENTRY--TOPICAL TERM
Topical term or geographic name entry element Sex role
Form subdivision Fiction.
650 #7 - SUBJECT ADDED ENTRY--TOPICAL TERM
Topical term or geographic name entry element JUVENILE FICTION / Media Tie-In.
Source of heading or term bisacsh
650 #7 - SUBJECT ADDED ENTRY--TOPICAL TERM
Topical term or geographic name entry element JUVENILE FICTION / Reader - Beginner.
Source of heading or term bisacsh
650 #7 - SUBJECT ADDED ENTRY--TOPICAL TERM
Topical term or geographic name entry element JUVENILE FICTION / Royalty.
Source of heading or term bisacsh
650 #7 - SUBJECT ADDED ENTRY--TOPICAL TERM
Topical term or geographic name entry element Princesses.
Source of heading or term fast
Authority record control number or standard number (OCoLC)fst01076505
650 #7 - SUBJECT ADDED ENTRY--TOPICAL TERM
Topical term or geographic name entry element Sex role.
Source of heading or term fast
Authority record control number or standard number (OCoLC)fst01114598
650 #7 - SUBJECT ADDED ENTRY--TOPICAL TERM
Topical term or geographic name entry element Radio and television novels.
Source of heading or term sears
650 #7 - SUBJECT ADDED ENTRY--TOPICAL TERM
Topical term or geographic name entry element Sex role
Form subdivision Fiction.
Source of heading or term sears
650 #7 - SUBJECT ADDED ENTRY--TOPICAL TERM
Topical term or geographic name entry element Princesses
Form subdivision Fiction.
Source of heading or term sears
655 #4 - INDEX TERM--GENRE/FORM
Genre/form data or focus term Readers (Primary)
655 #7 - INDEX TERM--GENRE/FORM
Genre/form data or focus term Fiction.
Source of term fast
Authority record control number or standard number (OCoLC)fst01423787
655 #7 - INDEX TERM--GENRE/FORM
Genre/form data or focus term Juvenile works.
Source of term fast
Authority record control number or standard number (OCoLC)fst01411637
655 #7 - INDEX TERM--GENRE/FORM
Genre/form data or focus term Radio and television novels.
Source of term gsafd
655 #7 - INDEX TERM--GENRE/FORM
Genre/form data or focus term Fiction.
Source of term lcgft
906 ## - LOCAL DATA ELEMENT F, LDF (RLIN)
a 7
b cbc
c copycat
d 2
e ncip
f 20
g y-gencatlg
942 ## - ADDED ENTRY ELEMENTS (KOHA)
Source of classification or shelving scheme Dewey Decimal Classification
Koha item type Books
Suppress in OPAC No
999 ## -
-- 2366
-- 2366
Holdings
Withdrawn status Lost status Source of classification or shelving scheme Damaged status Not for loan Collection Home library Current library Shelving location Date acquired Total Checkouts Full call number Barcode Date last seen Price effective from Koha item type Date last checked out Copy number
    Dewey Decimal Classification     Juvenile Fiction Footprints International School Library Network Toul Kork Campus Footprints International School Library Network Toul Kork Campus TK Primary Library Room(4th Floor), Bookcase 1&2, Shelves 1-16, Dark Blue Books 11/20/2023   Bae 428.6 PZ7.B1393 FISBK02517 11/20/2023 11/20/2023 Books    
    Dewey Decimal Classification     Juvenile Fiction Footprints International School Library Network Toul Kork Campus Footprints International School Library Network Toul Kork Campus TK Primary Library Room(4th Floor), Bookcase 1&2, Shelves 1-16, Dark Blue Books 11/19/2024 3 Bae 428.6 PZ7.B1393 2024-2324 09/10/2025 11/19/2024 Books 09/03/2025 2
    Dewey Decimal Classification     Juvenile Fiction Footprints International School Library Network Toul Kork Campus Footprints International School Library Network Toul Kork Campus TK Primary Library Room(4th Floor), Bookcase 1&2, Shelves 1-16, Dark Blue Books 11/19/2024 1 Bae 428.6 PZ7.B1393 2024-2327 09/10/2025 11/19/2024 Books 09/03/2025 3
    Dewey Decimal Classification     Juvenile Fiction Footprints International School Library Network Toul Tom Poung Campus Footprints International School Library Network Toul Tom Poung Campus TTP Primary Dark Blue Bookshelves 11/19/2024 3 Bae 428.6 PZ7.B1393 2025-1643 10/24/2025 11/19/2024 Books 10/17/2025 4